| 000 | 00544nam a2200205 a 4500 | ||
|---|---|---|---|
| 005 | 20210219160441.0 | ||
| 008 | 081108s2000 mx r 000 0 spa d | ||
| 020 | _a9264185356 | ||
| 035 | _aUPN01000165635 | ||
| 049 | _aUNE | ||
| 080 | _a383 (100) =20 "2000" INT. | ||
| 245 | 0 | 0 | _aInternational trade and core labour standards. |
| 260 |
_aParis : _bOECD, _c2000. |
||
| 300 |
_a122 p. ; _btabl. |
||
| 440 | 0 | _aTrade | |
| 690 | _aComercio internacional | ||
| 690 | _aDesarrollo económico y social | ||
| 690 | _aOCDE | ||
| 905 | _aUNESCO | ||
| 999 |
_c137747 _d137747 |
||